[Event "UT Dallas Fall op"]
[Site "Dallas USA"]
[Date "2017.11.22"]
[Round "9.7"]
[White "Kovalyov, Anton"]
[Black "Ider, Borya"]
[Result "1-0"]
[WhiteElo "2664"]
[BlackElo "2515"]
[PlyCount "121"]
[GameId "2130307625127870"]
[EventDate "2017.11.17"]
[EventType "swiss"]
[EventRounds "9"]
[EventCountry "USA"]
[SourceTitle "10 Days #526"]
[Source "Chess Mix"]
[SourceDate "2017.12.01"]
[SourceVersion "1"]
[SourceVersionDate "2017.12.01"]
[SourceQuality "1"]

1. c4 b6 2. d4 e6 3. a3 f5 4. Nc3 Nf6 5. Nf3 Bb7 6. d5 Na6 7. b4 Bd6 8. e3 c6 9. Bd3 cxd5 10. cxd5 Nc7 11. dxe6 dxe6 12. Qa4+ Qd7 13. Qxd7+ Nxd7 14. Bb2 O-O 15. Rd1 Ne5 16. Be2 Nxf3+ 17. Bxf3 Bxf3 18. Rxd6 Bxg2 19. Rg1 Ne8 20. Rxe6 Bb7 21. Nb5 Rf7 22. h4 Rd8 23. Nd4 f4 24. b5 Nc7 25. Re5 fxe3 26. fxe3 Rd5 27. Rxd5 Nxd5 28. Nf5 Rxf5 29. Rxg7+ Kf8 30. Rxb7 Nxe3 31. a4 Rf7 32. Rb8+ Ke7 33. h5 Kd6 34. Rd8+ Kc7 35. Rd2 Kb7 36. Bh8 a6 37. Ke2 Ng2 38. Rd6 axb5 39. axb5 Nf4+ 40. Ke3 Nxh5 41. Bd4 Re7+ 42. Kf3 Ng7 43. Rxb6+ Kc8 44. Rc6+ Kb8 45. Rb6+ Kc8 46. Ra6 Kb8 47. b6 Nf5 48. Bc5 Re5 49. Bg1 Rb5 50. Ra7 Nd6 51. Be3 Nb7 52. Ke4 Ra5 53. Bf4+ Kc8 54. Kd4 Rb5 55. Bc7 Na5 56. Ra8+ Kb7 57. Rf8 Nc6+ 58. Kc4 Rg5 59. Rf7 Rg4+ 60. Kc5 Na5 61. Kb5 1-0

[Event "Texas Collegiate Superfinal "]
[Site "Brownsville USA"]
[Date "2017.10.21"]
[Round "1.3"]
[White "Kovalyov, Anton"]
[Black "Andrenko, Irina"]
[Result "1-0"]
[WhiteElo "2663"]
[BlackElo "2146"]
[PlyCount "114"]
[GameId "2130307626295784"]
[EventDate "2017.10.21"]
[EventType "team"]
[EventRounds "5"]
[EventCountry "USA"]
[SourceTitle "10 Days #523"]
[Source "Chess Mix"]
[SourceDate "2017.11.01"]
[SourceVersion "1"]
[SourceVersionDate "2017.11.01"]
[SourceQuality "1"]
[WhiteTeam "UTD-A"]
[BlackTeam "TTU-B"]

1. c4 Nf6 2. Nf3 g6 3. Nc3 Bg7 4. e4 d6 5. d4 O-O 6. Be2 c5 7. O-O Re8 8. Re1 cxd4 9. Nxd4 Nc6 10. Be3 Nd7 11. Rc1 Nxd4 12. Bxd4 Bxd4 13. Qxd4 Qb6 14. Qxb6 Nxb6 15. Nd5 Nxd5 16. cxd5 Rd8 17. Rc7 Kf8 18. Rec1 Rb8 19. R1c3 a6 20. f3 Bd7 21. Kf2 Ke8 22. Rb3 b5 23. Rbc3 Ra8 24. Ke3 Rdc8 25. Rxc8+ Rxc8 26. Ra3 Ra8 27. f4 Kd8 28. g4 Kc7 29. Kd4 b4 30. Re3 Kb6 31. e5 Rf8 32. exd6 exd6 33. Re7 Bc8 34. h3 h6 35. Bd3 a5 36. f5 h5 37. gxh5 gxf5 38. b3 Rh8 39. Be2 Rh7 40. Ke3 f4+ 41. Kxf4 Bxh3 42. Bf3 Bc8 43. Re1 f6 44. Rg1 Bd7 45. Rg8 Kc5 46. Ra8 Kb6 47. Rd8 Kc7 48. Rf8 Rh6 49. Rg8 Rh7 50. Rf8 Rh6 51. Ra8 Kb6 52. Be2 Kb7 53. Rg8 Rh7 54. Rg6 Be8 55. Kf5 Re7 56. Bg4 Re5+ 57. Kxf6 Rxd5 1-0

[Event "Texas Collegiate Superfinal "]
[Site "Brownsville USA"]
[Date "2017.10.21"]
[Round "2.2"]
[White "Kovalyov, Anton"]
[Black "Vazquez, Guillermo"]
[Result "1-0"]
[WhiteElo "2663"]
[BlackElo "2430"]
[PlyCount "111"]
[GameId "2130307626295791"]
[EventDate "2017.10.21"]
[EventType "team"]
[EventRounds "5"]
[EventCountry "USA"]
[SourceTitle "10 Days #523"]
[Source "Chess Mix"]
[SourceDate "2017.11.01"]
[SourceVersion "1"]
[SourceVersionDate "2017.11.01"]
[SourceQuality "1"]
[WhiteTeam "UTD-A"]
[BlackTeam "UTRGV-B"]

1. c4 c5 2. Nf3 Nf6 3. g3 g6 4. Bg2 Bg7 5. d4 O-O 6. O-O cxd4 7. Nxd4 d5 8. cxd5 Nxd5 9. Nb3 Nb4 10. Bd2 N8c6 11. Nc3 Ne5 12. Na4 Nbc6 13. Rc1 Rb8 14. Bf4 Bg4 15. Nc3 Qxd1 16. Rfxd1 Rbd8 17. h3 Bc8 18. Nd2 Nd4 19. Bxe5 Bxe5 20. Nc4 Bf6 21. e3 Nc6 22. Nd5 Bg7 23. Na5 Nxa5 24. Nxe7+ Kh8 25. Rxd8 Rxd8 26. Rxc8 Rxc8 27. Nxc8 Bxb2 28. Nxa7 Kg7 29. Bd5 Ba3 30. Kf1 f5 31. Nb5 Bc5 32. Ke2 Kf6 33. f4 h6 34. Nd4 g5 35. a4 b6 36. Kd3 Bb4 37. Ke2 Bc5 38. Nf3 Bd6 39. Kf2 Bc7 40. Kf1 Bd6 41. Ke2 Bc7 42. h4 gxf4 43. gxf4 Bd6 44. h5 Bb8 45. Kd3 Bd6 46. Kc3 Bc5 47. Kd2 Bb4+ 48. Ke2 Bc3 49. Kd3 Bb2 50. Kc2 Ba3 51. Ne5 Ke7 52. Nf7 Nb7 53. Nxh6 Nd6 54. Ng8+ Kf8 55. h6 Ne8 56. Bc6 1-0

[Event "Texas Collegiate Superfinal "]
[Site "Brownsville USA"]
[Date "2017.10.22"]
[Round "3.1"]
[White "Dragun, Kamil"]
[Black "Kovalyov, Anton"]
[Result "1/2-1/2"]
[WhiteElo "2612"]
[BlackElo "2663"]
[PlyCount "52"]
[GameId "2130307626295798"]
[EventDate "2017.10.21"]
[EventType "team"]
[EventRounds "5"]
[EventCountry "USA"]
[SourceTitle "10 Days #523"]
[Source "Chess Mix"]
[SourceDate "2017.11.01"]
[SourceVersion "1"]
[SourceVersionDate "2017.11.01"]
[SourceQuality "1"]
[WhiteTeam "UTRGV-A"]
[BlackTeam "UTD-A"]

1. d4 Nf6 2. c4 e6 3. Nf3 d5 4. g3 Be7 5. Bg2 O-O 6. cxd5 exd5 7. O-O c6 8. Nc3 Bf5 9. Nh4 Be6 10. Qc2 Re8 11. Rd1 Nbd7 12. Nf3 g6 13. Bg5 Bf5 14. Qd2 Ne4 15. Nxe4 Bxe4 16. Bxe7 Qxe7 17. Rac1 Kg7 18. Qf4 Nf6 19. Rc3 h6 20. h4 Rad8 21. Ne5 Bxg2 22. Kxg2 Rd6 23. Rf3 Rf8 24. Qe3 Ne4 25. Qa3 a6 26. Rb3 Re6 1/2-1/2

[Event "Texas Collegiate Superfinal "]
[Site "Brownsville USA"]
[Date "2017.10.22"]
[Round "4.3"]
[White "Baryshpolets, Andrey"]
[Black "Kovalyov, Anton"]
[Result "1/2-1/2"]
[WhiteElo "2580"]
[BlackElo "2663"]
[PlyCount "22"]
[GameId "2130307626304005"]
[EventDate "2017.10.21"]
[EventType "team"]
[EventRounds "5"]
[EventCountry "USA"]
[SourceTitle "10 Days #523"]
[Source "Chess Mix"]
[SourceDate "2017.11.01"]
[SourceVersion "1"]
[SourceVersionDate "2017.11.01"]
[SourceQuality "1"]
[WhiteTeam "TTU-A"]
[BlackTeam "UTD-A"]

1. d4 Nf6 2. c4 e6 3. g3 d5 4. Bg2 Be7 5. Nf3 O-O 6. O-O c6 7. Nc3 Nbd7 8. Bf4 Nh5 9. Bc1 Nhf6 10. Bf4 Nh5 11. Bc1 Nhf6 1/2-1/2

[Event "FIDE World Cup"]
[Site "Tbilisi GEO"]
[Date "2017.09.04"]
[Round "1.2"]
[White "Kovalyov, Anton"]
[Black "Akobian, Varuzhan"]
[Result "1/2-1/2"]
[WhiteElo "2649"]
[BlackElo "2662"]
[PlyCount "112"]
[GameId "2130307628319183"]
[EventDate "2017.09.03"]
[EventType "k.o."]
[EventRounds "7"]
[EventCountry "GEO"]
[SourceTitle "10 Days #520"]
[Source "Chess Mix"]
[SourceDate "2017.10.01"]
[SourceVersion "1"]
[SourceVersionDate "2017.10.01"]
[SourceQuality "1"]

1. c4 e5 2. g3 Nc6 3. Bg2 f5 4. Nc3 Nf6 5. e3 g6 6. d3 Bg7 7. Nge2 d6 8. O-O O-O 9. b3 g5 10. f4 h6 11. Qd2 a5 12. Bb2 Be6 13. Nd5 Qd7 14. Rae1 Rae8 15. Bc3 Bxd5 16. cxd5 Nb4 17. fxg5 hxg5 18. e4 f4 19. gxf4 gxf4 20. Kh1 Ng4 21. Bh3 Nf2+ 22. Rxf2 Qxh3 23. Bxb4 axb4 24. Ng1 Qh5 25. Nf3 Bf6 26. Rg1+ Kh8 27. Qxb4 Rg8 28. Qd2 Rxg1+ 29. Nxg1 c6 30. dxc6 bxc6 31. Qe2 Qxe2 32. Rxe2 Kg7 33. Nf3 Kf7 34. Rc2 Ra8 35. Kg2 Ke6 36. Kf1 Kd7 37. Rg2 d5 38. Re2 c5 39. Rc2 Kd6 40. Ke2 c4 41. bxc4 dxe4 42. dxe4 Ra3 43. c5+ Kc7 44. h4 Re3+ 45. Kf2 Rxe4 46. Re2 Rc4 47. Nxe5 Bxh4+ 48. Kf3 Rxc5 49. Kxf4 Be7 50. Kf5 Bd6 51. Ke6 Bxe5 52. Rxe5 Rxe5+ 53. Kxe5 Kc6 54. a4 Kc5 55. a5 Kb5 56. a6 Kxa6 1/2-1/2

[Event "ESP-Tch Div Honor"]
[Site "Linares ESP"]
[Date "2017.08.15"]
[Round "2.2"]
[White "Kovalyov, Anton"]
[Black "Adhiban, Baskaran"]
[Result "1/2-1/2"]
[WhiteElo "2641"]
[BlackElo "2677"]
[PlyCount "139"]
[GameId "2130307629344902"]
[EventDate "2017.08.14"]
[EventType "team"]
[EventRounds "7"]
[EventCountry "ESP"]
[SourceTitle "10 Days #517"]
[Source "Chess Mix"]
[SourceDate "2017.09.01"]
[SourceVersion "1"]
[SourceVersionDate "2017.09.01"]
[SourceQuality "1"]
[WhiteTeam "Equigoma Casa Social Catolica"]
[BlackTeam "C. A. Solvay"]

1. c4 d6 2. d4 e5 3. Nc3 exd4 4. Qxd4 Nf6 5. g3 Nc6 6. Qd1 Be6 7. e4 g6 8. Nh3 Bg7 9. Nf4 Bg4 10. f3 Bc8 11. Bg2 O-O 12. O-O Nd7 13. Nfd5 Nb6 14. Nb5 Nxd5 15. cxd5 a6 16. Nc3 Nd4 17. Be3 Nb5 18. Nxb5 axb5 19. Bd4 c5 20. dxc6 bxc6 21. Bxg7 Kxg7 22. Qd4+ Qf6 23. Rfd1 Qxd4+ 24. Rxd4 Rd8 25. a3 c5 26. Rd3 Be6 27. Rad1 c4 28. Rd4 c3 29. bxc3 Rxa3 30. Bf1 Rxc3 31. Bxb5 Rxf3 32. Rxd6 Rxd6 33. Rxd6 Kf6 34. Rd3 Rxd3 35. Bxd3 Ke5 36. Kf2 Kd4 37. Bb5 Kxe4 38. Be2 g5 39. Bb5 f5 40. Be2 Bf7 41. Bf3+ Ke5 42. Be2 h6 43. Bd1 Kd4 44. Be2 Bb3 45. Bh5 Ke4 46. Bf3+ Kd3 47. Be2+ Kd2 48. Bf3 Bd1 49. Bd5 Kd3 50. Bc6 Kd4 51. Bb7 Ke5 52. Bc6 h5 53. Bb7 h4 54. Bc6 f4 55. gxf4+ gxf4 56. Bd7 Bb3 57. Bg4 Be6 58. Bf3 Kf5 59. Be2 Kg5 60. Bf3 Bg4 61. Bc6 Bd1 62. Bd7 Bc2 63. Bc6 Bf5 64. Bb7 Kg4 65. Bf3+ Kg5 66. Bc6 Kg4 67. Bf3+ Kg5 68. Bc6 Kg4 69. Bf3+ Kg5 70. Bc6 1/2-1/2

[Event "ESP-Tch Div Honor"]
[Site "Linares ESP"]
[Date "2017.08.16"]
[Round "3.3"]
[White "Kuzubov, Yuriy"]
[Black "Kovalyov, Anton"]
[Result "1/2-1/2"]
[WhiteElo "2652"]
[BlackElo "2641"]
[PlyCount "67"]
[GameId "2130307629344932"]
[EventDate "2017.08.14"]
[EventType "team"]
[EventRounds "7"]
[EventCountry "ESP"]
[SourceTitle "10 Days #517"]
[Source "Chess Mix"]
[SourceDate "2017.09.01"]
[SourceVersion "1"]
[SourceVersionDate "2017.09.01"]
[SourceQuality "1"]
[WhiteTeam "Jaime Casas Monzon"]
[BlackTeam "Equigoma Casa Social Catolica"]

1. c4 Nf6 2. Nc3 e6 3. Nf3 d5 4. d4 a6 5. cxd5 exd5 6. Bg5 Be6 7. e3 Nbd7 8. Bd3 Bd6 9. O-O c6 10. Qc2 Qc7 11. Rfe1 O-O 12. Bh4 Bg4 13. Ne5 Bxe5 14. dxe5 Qxe5 15. f3 Be6 16. Bg3 Qh5 17. Bd6 Rfe8 18. g4 Qh3 19. Bg3 g6 20. e4 dxe4 21. Nxe4 Nxe4 22. Rxe4 Qh6 23. Rae1 Qf8 24. Bh4 Qc5+ 25. Kg2 Qxc2+ 26. Bxc2 Kf8 27. Bg5 a5 28. Kf2 Kg8 29. h4 Nc5 30. Re5 Nd7 31. R5e4 Nc5 32. Re5 Nd7 33. R5e4 Nc5 34. Re5 1/2-1/2

[Event "ESP-Tch Div Honor"]
[Site "Linares ESP"]
[Date "2017.08.18"]
[Round "5.2"]
[White "Laznicka, Viktor"]
[Black "Kovalyov, Anton"]
[Result "1/2-1/2"]
[WhiteElo "2664"]
[BlackElo "2641"]
[PlyCount "55"]
[GameId "2130307629349065"]
[EventDate "2017.08.14"]
[EventType "team"]
[EventRounds "7"]
[EventCountry "ESP"]
[SourceTitle "10 Days #517"]
[Source "Chess Mix"]
[SourceDate "2017.09.01"]
[SourceVersion "1"]
[SourceVersionDate "2017.09.01"]
[SourceQuality "1"]
[WhiteTeam "Merida Patrimonio Humanidad Ajoblanco"]
[BlackTeam "Equigoma Casa Social Catolica"]

1. e4 c5 2. Nf3 d6 3. Bb5+ Bd7 4. Bxd7+ Qxd7 5. O-O Nf6 6. Qe2 Nc6 7. c3 e6 8. d4 cxd4 9. cxd4 d5 10. e5 Ne4 11. Nbd2 Nxd2 12. Bxd2 Be7 13. Rac1 O-O 14. g3 Rfc8 15. h4 Bd8 16. h5 h6 17. Kg2 Ne7 18. b3 Rxc1 19. Rxc1 Rc8 20. Rxc8 Qxc8 21. Qd3 Nc6 22. Ne1 Be7 23. Nc2 a6 24. g4 Qf8 25. Qc3 Bd8 26. Qd3 Be7 27. Qc3 Bd8 28. Qd3 1/2-1/2

[Event "ESP-Tch Div Honor"]
[Site "Linares ESP"]
[Date "2017.08.19"]
[Round "6.4"]
[White "Kovalyov, Anton"]
[Black "Rakhmanov, Alexander"]
[Result "1/2-1/2"]
[WhiteElo "2641"]
[BlackElo "2663"]
[PlyCount "119"]
[GameId "2130307629353194"]
[EventDate "2017.08.14"]
[EventType "team"]
[EventRounds "7"]
[EventCountry "ESP"]
[SourceTitle "10 Days #517"]
[Source "Chess Mix"]
[SourceDate "2017.09.01"]
[SourceVersion "1"]
[SourceVersionDate "2017.09.01"]
[SourceQuality "1"]
[WhiteTeam "Equigoma Casa Social Catolica"]
[BlackTeam "Escola Escacs Barcelona"]

1. c4 d6 2. Nc3 e5 3. g3 Nf6 4. Bg2 Be7 5. Nf3 c6 6. O-O O-O 7. d3 h6 8. Rb1 Be6 9. b3 Nbd7 10. e4 Nh7 11. d4 Bg4 12. h3 Bh5 13. d5 Ng5 14. h4 Nxf3+ 15. Bxf3 Bg6 16. Kg2 Kh8 17. Re1 c5 18. Bg4 f5 19. Bxf5 Bxf5 20. exf5 Rxf5 21. Qg4 Rf8 22. Be3 b6 23. a3 Nf6 24. Qe6 Qd7 25. Qxd7 Nxd7 26. Rec1 Rfc8 27. Ne4 Nf6 28. Nxf6 Bxf6 29. b4 cxb4 30. axb4 Rc7 31. c5 bxc5 32. bxc5 dxc5 33. d6 Rc6 34. Bxc5 Rac8 35. Ba3 Rxc1 36. Bxc1 Kg8 37. Be3 Rc6 38. d7 Rd6 39. Rb7 Bd8 40. Rxa7 Kf7 41. Kf3 Ke6 42. Kg4 Rxd7 43. Rxd7 Kxd7 44. Kf5 Ke7 45. Kg6 Kf8 46. Bc5+ Kg8 47. Bd6 e4 48. Bf4 Ba5 49. h5 Bc3 50. g4 Bb2 51. Kf5 Kf7 52. Be5 Bc1 53. Kxe4 Bd2 54. Kf5 Be1 55. Bd4 Bd2 56. f4 Bc1 57. g5 hxg5 58. fxg5 g6+ 59. hxg6+ Kg8 60. Be3 1/2-1/2

[Event "ESP-Tch Div Honor"]
[Site "Linares ESP"]
[Date "2017.08.20"]
[Round "7.1"]
[White "Duda, Jan Krzysztof"]
[Black "Kovalyov, Anton"]
[Result "1/2-1/2"]
[WhiteElo "2707"]
[BlackElo "2641"]
[PlyCount "84"]
[GameId "2130307629353199"]
[EventDate "2017.08.14"]
[EventType "team"]
[EventRounds "7"]
[EventCountry "ESP"]
[SourceTitle "10 Days #517"]
[Source "Chess Mix"]
[SourceDate "2017.09.01"]
[SourceVersion "1"]
[SourceVersionDate "2017.09.01"]
[SourceQuality "1"]
[WhiteTeam "Sestao Bizkaialde"]
[BlackTeam "Equigoma Casa Social Catolica"]

1. e4 c5 2. Nf3 d6 3. d4 cxd4 4. Nxd4 Nf6 5. Nc3 a6 6. f3 e5 7. Nb3 Be6 8. Be3 Nbd7 9. Qd2 b5 10. O-O-O Be7 11. g4 b4 12. Nd5 Bxd5 13. exd5 Nb6 14. Na5 Nbxd5 15. Nc6 Qc7 16. Nxb4 Nxe3 17. Qxe3 Qb7 18. Qb3 a5 19. Qa4+ Kf8 20. Qc6 Qc8 21. Qxc8+ Rxc8 22. Nd5 Nxd5 23. Rxd5 Rc5 24. Rxc5 dxc5 25. h4 g6 26. h5 Bg5+ 27. Kd1 Kg7 28. Bd3 Rd8 29. Ke1 Rd4 30. b3 Rf4 31. Ke2 f5 32. hxg6 hxg6 33. gxf5 gxf5 34. Rd1 e4 35. fxe4 fxe4 36. Bc4 e3 37. Rg1 Rf2+ 38. Ke1 Kg6 39. Bd3+ Kh5 40. Be2+ Kg6 41. Bd3+ Kh5 42. Be2+ Kg6 1/2-1/2

[Event "Americas Continental-ch"]
[Site "Medellin COL"]
[Date "2017.06.11"]
[Round "2.5"]
[White "Torres, Juan Camilo"]
[Black "Kovalyov, Anton"]
[Result "0-1"]
[WhiteElo "2275"]
[BlackElo "2643"]
[PlyCount "106"]
[GameId "2130307632681916"]
[EventDate "2017.06.10"]
[EventType "swiss"]
[EventRounds "11"]
[EventCountry "COL"]
[SourceTitle "10 Days #510"]
[Source "Chess Mix"]
[SourceDate "2017.06.22"]
[SourceVersion "1"]
[SourceVersionDate "2017.06.22"]
[SourceQuality "1"]

1. d4 Nf6 2. Nf3 e6 3. e3 b6 4. Bd3 Bb7 5. O-O c5 6. c4 d6 7. Nc3 Nbd7 8. b3 g6 9. Bb2 Bg7 10. Qe2 O-O 11. Rad1 cxd4 12. exd4 Re8 13. Bb1 a6 14. Ne4 Qc7 15. Rc1 Rac8 16. Qe3 Qb8 17. Nxf6+ Nxf6 18. Rfe1 Qa8 19. Rc3 d5 20. cxd5 Nxd5 21. Rxc8 Rxc8 22. Qd2 Nf6 23. Qf4 Bxf3 24. Qxf3 Qxf3 25. gxf3 Nd5 26. Be4 Nf4 27. Kf1 f5 28. Bb1 Kf7 29. Rc1 Rxc1+ 30. Bxc1 Nd5 31. Bb2 Bh6 32. Bd3 Nb4 33. Bb1 Bd2 34. a3 Nd5 35. Bd3 a5 36. Bc4 Bc3 37. Bxc3 Nxc3 38. a4 g5 39. Ke1 Kf6 40. Kd2 Nd5 41. Bxd5 exd5 42. h3 Kg6 43. Ke2 Kh5 44. Kf1 Kh4 45. Kg2 f4 46. Kh2 h6 47. Kg2 h5 48. Kh2 g4 49. hxg4 hxg4 50. Kg2 g3 51. fxg3+ fxg3 52. Kf1 Kh3 53. Kg1 g2 0-1

[Event "Americas Continental-ch"]
[Site "Medellin COL"]
[Date "2017.06.11"]
[Round "3.5"]
[White "Kovalyov, Anton"]
[Black "Pulvett Marin, Daniel"]
[Result "1/2-1/2"]
[WhiteElo "2643"]
[BlackElo "2437"]
[PlyCount "65"]
[GameId "2130307632690201"]
[EventDate "2017.06.10"]
[EventType "swiss"]
[EventRounds "11"]
[EventCountry "COL"]
[SourceTitle "10 Days #510"]
[Source "Chess Mix"]
[SourceDate "2017.06.22"]
[SourceVersion "1"]
[SourceVersionDate "2017.06.22"]
[SourceQuality "1"]

1. c4 e6 2. g3 Nf6 3. Bg2 d5 4. Nf3 c5 5. cxd5 exd5 6. d4 Nc6 7. O-O Be7 8. Nc3 O-O 9. dxc5 d4 10. Na4 Bg4 11. a3 Ne4 12. b4 Bf6 13. Bb2 Re8 14. h3 Bxf3 15. exf3 Nc3 16. Bxc3 dxc3 17. Rc1 Qd2 18. b5 Na5 19. f4 Rad8 20. c6 bxc6 21. bxc6 Qxd1 22. Rfxd1 Rxd1+ 23. Rxd1 Rc8 24. Nxc3 Bxc3 25. c7 Bf6 26. Rb1 Nc4 27. Rb8 Nd6 28. Bb7 Rf8 29. Ba6 Be7 30. a4 g6 31. Kf1 Kg7 32. Ke2 Nc8 33. Rxc8 1/2-1/2

[Event "Americas Continental-ch"]
[Site "Medellin COL"]
[Date "2017.06.13"]
[Round "6.4"]
[White "Fier, Alexandr"]
[Black "Kovalyov, Anton"]
[Result "1/2-1/2"]
[WhiteElo "2576"]
[BlackElo "2643"]
[PlyCount "61"]
[GameId "2130307632702723"]
[EventDate "2017.06.10"]
[EventType "swiss"]
[EventRounds "11"]
[EventCountry "COL"]
[SourceTitle "10 Days #510"]
[Source "Chess Mix"]
[SourceDate "2017.06.22"]
[SourceVersion "1"]
[SourceVersionDate "2017.06.22"]
[SourceQuality "1"]

1. d4 Nf6 2. c4 e6 3. Nc3 Bb4 4. Qc2 O-O 5. Nf3 c5 6. dxc5 Qc7 7. Bg5 Bxc5 8. Bxf6 gxf6 9. e3 Nc6 10. Qe4 Ne5 11. Qh4 Be7 12. Nxe5 Qxe5 13. Bd3 h5 14. Be2 Kg7 15. Qxh5 f5 16. Qf3 Rh8 17. O-O-O Bf6 18. g4 fxg4 19. Rhg1 Rh4 20. h3 Rb8 21. hxg4 b6 22. g5 Be7 23. Bd3 Bb7 24. Qe2 Bb4 25. Nb5 Bc5 26. Bc2 d5 27. cxd5 Bxd5 28. Nc3 Ba3 29. bxa3 Qxc3 30. Qd3 Qxd3 31. Bxd3 1/2-1/2

[Event "Americas Continental-ch"]
[Site "Medellin COL"]
[Date "2017.06.14"]
[Round "7.3"]
[White "Kovalyov, Anton"]
[Black "Barrientos, Sergio E"]
[Result "1/2-1/2"]
[WhiteElo "2643"]
[BlackElo "2463"]
[PlyCount "38"]
[GameId "2130307632711001"]
[EventDate "2017.06.10"]
[EventType "swiss"]
[EventRounds "11"]
[EventCountry "COL"]
[SourceTitle "10 Days #510"]
[Source "Chess Mix"]
[SourceDate "2017.06.22"]
[SourceVersion "1"]
[SourceVersionDate "2017.06.22"]
[SourceQuality "1"]

1. c4 Nf6 2. Nc3 e6 3. Nf3 Bb4 4. Qc2 d6 5. g3 O-O 6. Bg2 e5 7. O-O Bxc3 8. Qxc3 a5 9. d3 Re8 10. e4 c5 11. Nh4 Nc6 12. f4 Nd4 13. Kh1 b5 14. b3 a4 15. fxe5 b4 16. Qb2 dxe5 17. Be3 Ra6 18. h3 Nh5 19. Kh2 a3 1/2-1/2

[Event "Americas Continental-ch"]
[Site "Medellin COL"]
[Date "2017.06.15"]
[Round "8.5"]
[White "Ynojosa Aponte, Felix Jose"]
[Black "Kovalyov, Anton"]
[Result "0-1"]
[WhiteElo "2395"]
[BlackElo "2643"]
[PlyCount "212"]
[GameId "2130307632715172"]
[EventDate "2017.06.10"]
[EventType "swiss"]
[EventRounds "11"]
[EventCountry "COL"]
[SourceTitle "10 Days #510"]
[Source "Chess Mix"]
[SourceDate "2017.06.22"]
[SourceVersion "1"]
[SourceVersionDate "2017.06.22"]
[SourceQuality "1"]

1. c4 e6 2. Nc3 Bb4 3. e4 Ne7 4. Nf3 O-O 5. a3 Bxc3 6. dxc3 d6 7. Bd3 Nd7 8. Bc2 b6 9. Qe2 Bb7 10. Bg5 h6 11. Bxe7 Qxe7 12. O-O-O a5 13. h4 e5 14. h5 a4 15. Nh4 Nc5 16. Nf5 Qg5+ 17. Kb1 Bc8 18. Ne3 Bd7 19. g3 Rab8 20. Nd5 Qd8 21. f4 Re8 22. f5 f6 23. Bd3 Rf8 24. g4 Bc6 25. Nb4 Qd7 26. Rh2 Kf7 27. Kc2 Ke7 28. Kd2 Ra8 29. Ke3 Ra5 30. Kf3 Kd8 31. Qe3 Kc8 32. Rf2 Kb7 33. Qe2 Ka7 34. Qe3 Nb7 35. Bf1 Nc5 36. Nxc6+ Qxc6 37. Rfd2 Kb7 38. Rd5 Rfa8 39. Be2 Qe8 40. Bf1 Qf7 41. Be2 Qe7 42. Bf1 Rd8 43. Qd2 Rd7 44. Bg2 Ra8 45. Kg3 Rad8 46. Qe2 c6 47. R5d2 Nb3 48. Rd3 Ra8 49. Bf1 Ra5 50. Rf3 Kc7 51. Kh3 Rc5 52. Rf2 Qf7 53. Kh2 Kd8 54. Kh3 Ke7 55. Kh2 Qg8 56. Kg1 Qa8 57. Rh2 Qg8 58. Rf2 Kd8 59. Rh2 Kc7 60. Rf2 Qa8 61. Qc2 Qb7 62. Qe2 Qb8 63. Rh2 Qf8 64. Rf2 Ra5 65. Qe3 Ra8 66. Kh1 Re8 67. Rh2 Qe7 68. Rf2 Qd8 69. Rh2 Rf8 70. Rf2 Qa8 71. Rh2 Qa5 72. Qe2 Qc5 73. Rh3 Rfd8 74. Kh2 Na5 75. Rg3 Rb8 76. Rg2 Nb3 77. Rg3 Qa5 78. Qe3 Rbd8 79. Qe2 d5 80. cxd5 cxd5 81. exd5 Rxd5 82. Qc4+ Kb8 83. Rxd5 Qxd5 84. Qxa4 Nd2 85. Bg2 e4 86. Qb4 Rd6 87. c4 Qe5 88. Kh3 Qd4 89. Qb5 Kc7 90. c5 bxc5 91. Qa5+ Kb7 92. Qb5+ Rb6 93. Qe8 Rxb2 94. Qe7+ Kb6 95. Qxg7 Nf3 96. Bxf3 exf3 97. Rxf3 Rb1 98. Qf7 Rh1+ 99. Kg3 Qe5+ 100. Rf4 Qe3+ 101. Rf3 Qe1+ 102. Rf2 Qg1+ 103. Kf3 Rh3+ 104. Ke2 Qxg4+ 105. Ke1 Qe4+ 106. Kd1 Rh1+ 0-1

[Event "Americas Continental-ch"]
[Site "Medellin COL"]
[Date "2017.06.16"]
[Round "9.3"]
[White "Kovalyov, Anton"]
[Black "Erenburg, Sergey"]
[Result "1/2-1/2"]
[WhiteElo "2643"]
[BlackElo "2550"]
[PlyCount "61"]
[GameId "2130307632719336"]
[EventDate "2017.06.10"]
[EventType "swiss"]
[EventRounds "11"]
[EventCountry "COL"]
[SourceTitle "10 Days #510"]
[Source "Chess Mix"]
[SourceDate "2017.06.22"]
[SourceVersion "1"]
[SourceVersionDate "2017.06.22"]
[SourceQuality "1"]

1. c4 c6 2. d4 d5 3. Nf3 Nf6 4. e3 a6 5. Nbd2 Bf5 6. Nh4 Be4 7. Qb3 Ra7 8. Nxe4 dxe4 9. Nf5 e6 10. Ng3 c5 11. dxc5 Nbd7 12. Qa4 Bxc5 13. Bd2 O-O 14. Bc3 Bd6 15. Qc2 Be5 16. Be2 Qc7 17. O-O Raa8 18. Rfd1 Bxc3 19. Qxc3 a5 20. b3 Rfc8 21. Rac1 b6 22. a3 h6 23. b4 axb4 24. axb4 Ra4 25. Ra1 Rxa1 26. Rxa1 Ne5 27. Rc1 Rd8 28. h3 Nd3 29. Rd1 Nd5 30. Qd2 Nf6 31. Qc3 1/2-1/2

[Event "PRO League Pacific"]
[Site "chess.com INT"]
[Date "2017.01.25"]
[Round "3"]
[White "Kovalyov, Anton"]
[Black "Chirila, Ioan Christian"]
[Result "1-0"]
[WhiteElo "2647"]
[BlackElo "2533"]
[PlyCount "51"]
[GameId "2130307636821152"]
[EventDate "2017.01.11"]
[EventType "team"]
[EventRounds "7"]
[EventCountry "USA"]
[SourceTitle "The Week in Chess 1160"]
[Source "Mark Crowther"]
[SourceDate "2017.01.30"]
[SourceVersion "1"]
[SourceVersionDate "2017.01.30"]
[SourceQuality "2"]
[WhiteTeam "Rio Grande Ospreys"]
[BlackTeam "San Jose Hackers"]

1. c4 Nf6 2. Nf3 g6 3. Nc3 d5 4. cxd5 Nxd5 5. Qb3 Nb6 6. d4 Bg7 7. Bf4 Be6 8. Qa3 c5 9. Qxc5 O-O 10. e4 Na6 11. Bxa6 bxa6 12. O-O Rc8 13. Qb4 Nc4 14. Rac1 Qb6 15. Qxe7 Rfe8 16. Qh4 f6 17. b3 g5 18. Bxg5 fxg5 19. Nxg5 Nd2 20. Qxh7+ Kf8 21. Nd5 Bxd5 22. Qf5+ Ke7 23. Qxd5 Qg6 24. Qb7+ Kf8 25. Rxc8 Qxg5 26. Rfc1 1-0